| 000 | 00794nam a22002297a 4500 | ||
|---|---|---|---|
| 999 |
_c2861 _d2861 |
||
| 003 | AR-CdUCM | ||
| 008 | 190305b ||||| |||| 00| 0 spa d | ||
| 040 |
_aMUNICIPALIDAD PROVINCIAL DEL CUSCO _cBIBLIOTECA MUNICIPAL DEL CUSCO |
||
| 041 | _hru. | ||
| 082 |
_a330 / _bL46 |
||
| 100 |
_aLeóntier, L _99913 |
||
| 245 | _aCompendio de Economía Política / | ||
| 260 |
_aMoscu : _bEdit.Progreso, _c1975. |
||
| 300 |
_a357 paginas ; _c17 cm. |
||
| 505 | _aContenido :El objetivo de la economia política --Los modos de producción precapitalista --El capitalismo --La producción mercantil capitalista ... | ||
| 650 |
_aEconomía política _91408 |
||
| 650 |
_aSocialismo _91037 |
||
| 650 |
_aComunismo _9495 |
||
| 700 |
_aL. Vladov (traductor) _99914 |
||
| 942 |
_2ddc _cLIBROS |
||
| 945 | _arjall | ||